Statistiques concernant Réplique Harry Potter #2

Cliquez ici pour prendre le quiz!

Statistiques générales

  • Ce quiz a été pris 362 fois
    (312 depuis la dernière actualisation)
  • Le résultat moyen est 8 sur 10

Statistiques - réponses

HintRépliqueRéponse% Correct
7Maintenant je vais me coucher ! Avant que l'un de vous ait une brillante idée pour nous faire tuer.Hermione Granger
98%
5Ça lui est facile de dire ça, c'est un chapeau.Ron Weasley
94%
9Désolé professeure mais on ne doit pas mentir.Harry Potter
93%
1Pourquoi c'est toujours moi ?Neville Londubat
89%
3Ce dont vous avez le plus peur est la peur elle même. C'est une preuve de sagesse.Rémus Lupin
88%
6J'ai lu une chose assez étrange sur une forme de magie très rare. Ça s'appelle si j'ai bien comprit, un horcruxe.Tom Jedusor
82%
436... Je l'ai est compté moi même.Vernon Dursley
66%
2Tout est possible du moment qu'on a assez de cran.Ginny Weasley
63%
10C'est méchant de dire ça Severus.Lily Potter
61%
8Pourquoi tu ne vas pas faire joujou avec ta panoplie du parfait chimiste ?Sirius Black
57%

Distribution des résultats

Percentile par nombre de réponses

% des personnes avec chaque résultat

Votre développement - résultats

Vous n’avez pas pris ce quiz depuis la dernière actualisation